La diplomacia de la anexión : Texas, Oregon y la guerra de 1847 /
El presente texto es considerado fundamental dentro de la bibliografía en torno a las guerras que mantuvo Estados Unidos con nuestro país durante el siglo XIX, que desembocaron en la pérdida por parte de México de la mitad de su territorio. El estudio pone de manifiesto que en dichas guerras se puso...
Đã lưu trong:
| Tác giả chính: | |
|---|---|
| Định dạng: | Sách |
| Ngôn ngữ: | Tiếng Tây Ban Nha |
| Được phát hành: |
Jalapa, México :
Universidad Veracruzana, Biblioteca,
1999, c1999
|
| Những chủ đề: | |
| Các nhãn: |
Không có thẻ, Là người đầu tiên thẻ bản ghi này!
|
MARC
| LEADER | 00000nam^a2200000^a^4500 | ||
|---|---|---|---|
| 001 | 000148636 | ||
| 005 | 20250521000000.0 | ||
| 009 | 20260310100031.357 | ||
| 020 | |a 968-834-488-5 | ||
| 037 | |a Acervo ITESO - Biblioteca | ||
| 041 | |a ESP | ||
| 082 | |a 972. 04 |b PLE | ||
| 100 | |a Pletcher, David M. |e (autor) | ||
| 245 | 1 | 3 | |a La diplomacia de la anexión : |b Texas, Oregon y la guerra de 1847 / |c D.M. Pletcher ; tr. por Jorge Brash. |
| 264 | 4 | |a Jalapa, México : |b Universidad Veracruzana, Biblioteca, |c 1999, c1999 | |
| 300 | |a 545 p. | ||
| 336 | |a texto |b txt |2 rdacontenido | ||
| 337 | |a sin mediación |b n |2 rdamedio | ||
| 338 | |a volumen |b nc |2 rdasoporte | ||
| 500 | |a Traducción de: The Diplomacy of Annexation: Texas, Oregon and the Mexican War | ||
| 520 | |a El presente texto es considerado fundamental dentro de la bibliografía en torno a las guerras que mantuvo Estados Unidos con nuestro país durante el siglo XIX, que desembocaron en la pérdida por parte de México de la mitad de su territorio. El estudio pone de manifiesto que en dichas guerras se puso en juego todo un proyecto expansionista de Estados Unidos, en el que estaban involucradas también las principales potencias occidentales del momento, es decir, Francia e Inglaterra. | ||
| 649 | |a XX | ||
| 650 | |a Relaciones Internacionales - |z México-EUA - |x Historia - |y Siglo XIX | ||
| 650 | |a Diplomacia - |z México - |x Historia - |y Siglo XIX | ||
| 650 | |a Diplomacia - |z EUA - |x Historia - |y Siglo XIX | ||
| 650 | |a Política Exterior - |z México - |x Historia - |y Siglo XIX | ||
| 650 | |a Política Exterior - |z EUA - |x Historia - |y Siglo XIX | ||
| 650 | |a Expansionismo - |z EUA - |x Historia - |y Siglo XIX | ||
| 650 | |a México - |x Historia - |y Guerra de Texas, 1835-1836 | ||
| 650 | |a México - |x Historia - |y Centralismo, 1835-1846 | ||
| 650 | |a México - |x Historia - |y Invasión Norteamericana, 1846-1848 | ||
| 650 | |a México - |x Historia - |y Federalismo, 1846-1853 | ||
| 650 | |a México - |x Historia - |y Federalismo y Centralismo, 1824-1853 | ||
| 650 | |a México - |x Historia - |y Siglo XIX | ||
| 650 | |a EUA - |x Historia - |y 1809-1845 | ||
| 650 | |a EUA - |x Historia - |y 1845-1861 | ||
| 650 | |a EUA - |x Historia - |y Siglo XIX | ||
| 910 | |a Fondo General | ||
| 920 | |a Impresos - Libros | ||
| 930 | |a Colección General | ||
| 905 | |a 101 | ||
| 901 | |a 0500077920 |b IT1 |c ACC |u 20250521 | ||
| 901 | |a 0500077917 |b IT1 |c ACC |u 20250521 | ||
| 902 | |a https://opac.biblio.iteso.mx/vufind/Record/000148636 | ||